000 00603nam a2200217 i 4500
001 70815
003 ES-MaACL
005 20230906170930.0
007 t|
008 040803s1984 sp ||||1| spa d
020 _a84-205-1045-9
100 1 _aGarrido Genovés, Vicente.
_955705
245 1 0 _aDelincuencia y sociedad /
_cVicente Garrido Genovés.
250 _a[1ª ed.].
260 _aMadrid :
_bMezquita,
_c1984.
300 _aIX, 401 p. ;
_c19 cm.
490 1 _aSociología ;
_v34
830 0 _aSociología ;
_v34
_9184068
852 _aES-MaACL
_jL-10134
_bR.111739
999 _c70815
_d70815